| 000 | 00448nam a22001457a 4500 | ||
|---|---|---|---|
| 003 | OSt | ||
| 008 | 250902b |||||||| |||| 00| 0 eng d | ||
| 041 | _aeng | ||
| 082 |
_a306 _bKUN/SA |
||
| 100 |
_aKunhikannan, K. T _97807 |
||
| 245 |
_aSamskarathinte samaramukhangal / _bസംസ്കാരത്തിന്റെ സമരമുഖങ്ങള് |
||
| 260 |
_aThiruvananthapuram : _bProgress Books, _c2019. |
||
| 300 | _a137 p. | ||
| 942 | _cBK | ||
| 999 |
_c19496 _d19496 |
||